02159nam a2200349 a 450000100060000000300090000600500170001500700060003200800420003802000150008004000220009509200350011724500740015226000400022630000360026649000110030250508380031365000510115165000420120265000430124465000360128770000200132383000110134391000370135494200120139194500280140395201370143195201440156895600390171295600430175199900150179400168DO-SdBNP20180313123627.000168150130s 2001 dr 2001 000 0 spa d a8482613448 aBPMSUbspacBPMSU a373.7bM425m 4to 2001 10aMatemáticas 4 :b[educación media] /cDaniel Michel ... [et al.]. aSanto Domingo :bSantillana,c2001. a279 p. :bil., retrs. ;c28 cm.1 aUmbral1 t2do. curso / 2do. ciclo --tUnidad 1: Trasformaciones geométricas --tUnidad 2: Trigonometría --tUnidad 3: Números complejos --tUnidad 4: Análisis combinatorio --tFeria científica: Los cuadrados mágicos (I) --tUnidad 5 : Suceciones --tUnidad 6: Convergencia y divergencia --tUnidad 7: Matemáticas financieras, I --tUnidad 8: Matemáticas financieras, II --tFeria científica: Los cuadrados mágicos (II) --tUnidad 9: Probabilidades --tUnidad 10: Límite de una función --tUnidad 11: Continuidad y discontinuidad --tFeria científico: Modelo de taladro para hacer agujeros cuadrados (I) --tUnidad 12: Derivada de funciones --tUnidad 13: Aplicaciones de la derivada --tUnidad 14: Introducción al cálculo integral --tFeria científica: Modelo de taladro para hacer agujeros cuadrados (II) -- 4aEDUCACIÓN SECUNDARIAzREPÚBLICA DOMINICANA 4aMATEMÁTICASxENSEÑANZA SECUNDARIA 4aMATEMÁTICASxESTUDIOS Y EJERCÍCIOS 4aMATEMÁTICASxLIBROS DE TEXTOS12aMichel, Daniel. 0aUmbral aValidado. Control de calidad MFF 2ddccBK ainventariado, 2018 / DG 00102ddc40708CEaBPMETbBPMETd2016-04-07eDonaciónl0o373.7 M425m 4to. 2001 pBPMSU16040214r2016-04-07w2016-04-07yBK 00102ddc40708CEaBPMETbBPMETd2016-04-07eDonaciónl0o373.7 M425m 4to. 2001 pBPMSU16040215r2016-04-07te. 2w2016-04-07yBK aVMATEOb10c20150717lBPMSUh00151 aBTAVÁREZb10c20160407lBPMSUh00168 c9627d9627